[Event "Cuiaba Contaud op"]
[Site "Cuiaba"]
[Date "2023.11.04"]
[Round "6"]
[White "Bandeira, Tarciano Elias"]
[Black "Ricci, Lucas Estremes"]
[Result "1-0"]
[WhiteElo "1959"]
[BlackElo "1550"]
[PlyCount "51"]
[EventDate "2023.11.02"]
[EventType "swiss"]
[EventRounds "7"]
[EventCountry "BRA"]
[SourceTitle "CB46_2023"]
[SourceDate "2023.11.15"]
[SourceVersion "1"]
[SourceVersionDate "2023.11.15"]
[SourceQuality "1"]

1. e4 e6 2. d4 d5 3. Nc3 Bb4 4. e5 c5 5. a3 Bxc3+ 6. bxc3 Ne7 7. f4 Qa5 8. Bd2 Nbc6 9. a4 c4 10. Nf3 Bd7 11. g3 0-0-0 12. Bh3 Rdf8 13. 0-0 h5 14. Qb1 Nf5 15. Bc1 Rfg8 16. Qb2 f6 17. Rb1 Qc7 18. Bxf5 exf5 19. Qa1 b6 20. Qa3 g5 21. Be3 Qb7 22. exf6 Be8 23. fxg5 f4 24. Bxf4 Qd7 25. a5 Nxa5 26. Qxa5 1-0

[Event "BRA-ch 87th"]
[Site "Cuiaba"]
[Date "2021.10.31"]
[Round "6"]
[White "Bandeira, Tarciano Elias"]
[Black "Rezende, Uelton Fabricius Al"]
[Result "1-0"]
[WhiteElo "2026"]
[BlackElo "1784"]
[PlyCount "81"]
[EventDate "2021.10.28"]
[EventType "swiss"]
[EventRounds "11"]
[EventCountry "BRA"]
[SourceTitle "CBM 205 Extra"]
[Source "ChessBase"]
[SourceDate "2022.01.31"]
[SourceVersion "1"]
[SourceVersionDate "2022.01.31"]
[SourceQuality "1"]

1. e4 e5 2. Nf3 Nc6 3. Bc4 Bc5 4. b4 Bxb4 5. c3 Be7 6. d4 d6 7. 0-0 Nf6 8. Nbd2 0-0 9. Re1 Bg4 10. Qc2 a6 11. Rb1 Qc8 12. h3 Bh5 13. Qd3 Rd8 14. Nh4 Na5 15. Nf5 Bf8 16. Bb3 Nxb3 17. Rxb3 Bg6 18. g4 d5 19. dxe5 dxe4 20. Qb1 Nd5 21. Qxe4 Rb8 22. f4 Bxf5 23. gxf5 Ne7 24. e6 fxe6 25. fxe6 Rd5 26. c4 Rh5 27. Qf3 Qe8 28. Bb2 Nf5 29. Ne4 Qg6+ 30. Kh2 Rh6 31. Nf6+ Kh8 32. Rg1 Nh4 33. Qf2 Qf5 34. Nd7 Ng6 35. Nxf8 Rxf8 36. e7 Re8 37. Rg5 Qd7 38. f5 Qxe7 39. Rbg3 Qd6 40. fxg6 hxg6 41. Rd5 1-0

[Event "Cuiaba Mato Grosso-ch"]
[Site "Cuiaba"]
[Date "2019.12.07"]
[Round "3"]
[White "Bandeira, Tarciano Elias"]
[Black "Stiegemeier, Fernando"]
[Result "0-1"]
[WhiteElo "2055"]
[BlackElo "1902"]
[PlyCount "128"]
[EventDate "2019.12.06"]
[EventType "swiss"]
[EventRounds "6"]
[EventCountry "BRA"]
[SourceTitle "CBM 193 Extra"]
[Source "ChessBase"]
[SourceDate "2020.01.31"]
[SourceVersion "1"]
[SourceVersionDate "2020.01.31"]
[SourceQuality "1"]

1. e4 c6 2. d4 d5 3. e5 Bf5 4. g4 Be4 5. f3 Bg6 6. h4 h5 7. g5 e6 8. Bd3 Bxd3 9. Qxd3 Ne7 10. Be3 Nf5 11. Bf2 Qb6 12. Nc3 a6 13. Nge2 c5 14. Nxd5 Qa5+ 15. Ndc3 cxd4 16. Nxd4 Qxe5+ 17. Ne4 Bc5 18. 0-0-0 Bxd4 19. Bxd4 Qf4+ 20. Kb1 Nc6 21. Bc5 Rd8 22. Qc3 Qe5 23. Rxd8+ Kxd8 24. Rd1+ Kc8 25. Qa3 Rd8 26. Rxd8+ Kxd8 27. b4 Ke8 28. Qd3 Ncd4 29. c3 Nc6 30. b5 axb5 31. Qxb5 Qc7 32. Ba3 Qd7 33. Kc1 Nce7 34. Qxd7+ Kxd7 35. Bxe7 Kxe7 36. Nc5 b5 37. Kc2 Nxh4 38. f4 Ng6 39. Nd3 h4 40. Kb3 Kd6 41. Kb4 Kc6 42. c4 bxc4 43. Kxc4 h3 44. Kd4 h2 45. Nf2 Nxf4 46. Ke4 e5 47. Nh1 f6 48. gxf6 gxf6 49. Kf3 Kc5 50. Kg3 Kb4 51. Kxh2 Ka3 52. Ng3 Kxa2 53. Ne4 Nd5 54. Kg3 Kb3 55. Kf3 Kc4 56. Nd6+ Kd3 57. Ne4 f5 58. Nf2+ Kd2 59. Ne4+ Kd3 60. Nf2+ Kd4 61. Ke2 e4 62. Nh3 f4 63. Ng5 e3 64. Ke1 f3 0-1

[Event "Cuiaba Master 10th"]
[Site "Cuiaba"]
[Date "2019.03.02"]
[Round "1.1"]
[White "De Campos, Mauro Pedroso"]
[Black "Bandeira, Tarciano Elias"]
[Result "0-1"]
[WhiteElo "1785"]
[BlackElo "2097"]
[PlyCount "52"]
[EventDate "2019.03.02"]
[EventType "swiss"]
[EventRounds "6"]
[EventCountry "BRA"]
[SourceTitle "EXT 2022"]
[Source "ChessBase"]
[SourceDate "2021.10.06"]
[SourceVersion "1"]
[SourceVersionDate "2021.10.06"]
[SourceQuality "1"]

1. e4 e5 2. Nf3 Nf6 3. Bc4 Nxe4 4. d3 Nf6 5. Nxe5 d5 6. Bb3 Be7 7. Be3 0-0 8. Nd2 Re8 9. Qe2 Bd6 10. Nef3 c5 11. d4 Nc6 12. c3 Bg4 13. h3 cxd4 14. hxg4 dxe3 15. fxe3 Bg3+ 16. Kd1 Nxg4 17. Kc1 Rxe3 18. Qf1 Nf2 19. Rh5 Nd3+ 20. Kc2 Nce5 21. Ng5 Nf4 22. Nxf7 Nxf7 23. Rxd5 Nxd5 24. Qf5 Rxc3+ 25. Kb1 Rxb3 26. axb3 Nb4 0-1

[Event "Rio de Janeiro De Souza Memorial 1st"]
[Site "Rio de Janeiro"]
[Date "2017.10.03"]
[Round "6"]
[White "Cruz, Jose Carlos Arruda"]
[Black "Bandeira, Tarciano Elias"]
[Result "0-1"]
[WhiteElo "1879"]
[BlackElo "2084"]
[PlyCount "52"]
[EventDate "2017.08.29"]
[EventType "swiss"]
[EventRounds "6"]
[EventCountry "BRA"]
[SourceTitle "CBM 189 Extra"]
[Source "ChessBase"]
[SourceDate "2019.06.03"]
[SourceVersion "1"]
[SourceVersionDate "2019.06.03"]
[SourceQuality "1"]

1. e4 c5 2. Bc4 Nc6 3. Bxf7+ Kxf7 4. Qh5+ g6 5. Qxc5 d6 6. Qe3 Nf6 7. d4 Bg7 8. Nf3 Rf8 9. Ng5+ Kg8 10. Qb3+ d5 11. c3 Na5 12. Qc2 Nxe4 13. Nxe4 dxe4 14. Qxe4 Bf5 15. Qe2 e5 16. dxe5 Bxe5 17. Be3 Qc7 18. Na3 Bxc3+ 19. Kf1 Rad8 20. Nb5 Qd7 21. Nd4 Bxd4 22. Rd1 Bxe3 23. Rxd7 Bxd7 24. f3 Rfe8 25. b4 a6 26. a4 Bxa4 0-1

[Event "Rio de Janeiro De Souza Memorial 1st"]
[Site "Rio de Janeiro"]
[Date "2017.09.19"]
[Round "4"]
[White "Lima, Juarez Antonio A de"]
[Black "Bandeira, Tarciano Elias"]
[Result "1-0"]
[WhiteElo "1949"]
[BlackElo "2084"]
[PlyCount "87"]
[EventDate "2017.08.29"]
[EventType "swiss"]
[EventRounds "6"]
[EventCountry "BRA"]
[SourceTitle "CBM 189 Extra"]
[Source "ChessBase"]
[SourceDate "2019.06.03"]
[SourceVersion "1"]
[SourceVersionDate "2019.06.03"]
[SourceQuality "1"]

1. e4 c5 2. Nc3 d6 3. d3 g6 4. Nf3 Nc6 5. Be2 Bg7 6. 0-0 Nf6 7. Bf4 0-0 8. Qd2 a6 9. Bh6 b5 10. Bxg7 Kxg7 11. Nd1 d5 12. exd5 Qxd5 13. Ne3 Qd6 14. c3 Bb7 15. Nh4 e6 16. Bf3 Rfd8 17. Rad1 Rab8 18. g3 Ne5 19. Bxb7 Rxb7 20. d4 Nc6 21. Nf3 Rbd7 22. Qe2 cxd4 23. Nxd4 Nxd4 24. Rxd4 Qc6 25. Rxd7 Rxd7 26. Rd1 Qe4 27. Rxd7 Nxd7 28. b3 Ne5 29. f4 Ng4 30. Qxg4 Qxe3+ 31. Kf1 Qxc3 32. Qe2 Qc5 33. Kg2 h5 34. h4 Qd5+ 35. Kh2 Kf6 36. Qb2+ Ke7 37. Qf2 Qc6 38. Qa7+ Kf8 39. Qb8+ Ke7 40. Qa7+ Kf6 41. Qd4+ Kf5 42. g4+ Kxg4 43. Qg1+ Kxf4 44. Qg5+ 1-0

[Event "Cuiaba Contaud op"]
[Site "Cuiaba"]
[Date "2015.08.01"]
[Round "3"]
[White "Bandeira, Tarciano Elias"]
[Black "Campos, Westerley Batista"]
[Result "1-0"]
[WhiteElo "2104"]
[BlackElo "1681"]
[PlyCount "97"]
[EventDate "2015.07.31"]
[EventType "swiss"]
[EventRounds "6"]
[EventCountry "BRA"]
[SourceTitle "EXT 2016"]
[Source "ChessBase"]
[SourceDate "2015.10.08"]
[SourceVersion "1"]
[SourceVersionDate "2015.10.08"]
[SourceQuality "1"]

1. e4 e6 2. d4 d5 3. Nc3 Nf6 4. e5 Nfd7 5. Nce2 c5 6. c3 Nc6 7. f4 Qb6 8. Nf3 Be7 9. g3 f6 10. Bh3 Kf7 11. f5 exf5 12. e6+ Kxe6 13. Nf4+ Kf7 14. Nxd5 Qd8 15. Bxf5 Nf8 16. Ne3 Bxf5 17. Nxf5 Qd5 18. 0-0 cxd4 19. cxd4 Rd8 20. Ne3 Qb5 21. a4 Qb6 22. Nf5 g6 23. Nxe7 Nxe7 24. Be3 Nd5 25. Bf2 Kg7 26. Ra3 Rd7 27. Rb3 Qd6 28. Nd2 f5 29. Nc4 Qf6 30. Ne5 Rc7 31. Qf3 Qd6 32. Rb5 Nf6 33. Rxb7 Ne4 34. Rxc7+ Qxc7 35. g4 Nd2 36. Qf4 Nxf1 37. gxf5 Nd7 38. Kxf1 Nxe5 39. f6+ Kf7 40. dxe5 Qc6 41. Qe3 Ra8 42. Qb3+ Kf8 43. Qe3 Qc4+ 44. Kg1 Qg4+ 45. Kf1 Qd1+ 46. Be1 Rd8 47. e6 Qd3+ 48. Qxd3 Rxd3 49. Bb4+ 1-0

[Event "Cuiaba Contaud op"]
[Site "Cuiaba"]
[Date "2015.08.01"]
[Round "4"]
[White "Quiroga, Facundo"]
[Black "Bandeira, Tarciano Elias"]
[Result "1/2-1/2"]
[WhiteElo "2279"]
[BlackElo "2104"]
[PlyCount "57"]
[EventDate "2015.07.31"]
[EventType "swiss"]
[EventRounds "6"]
[EventCountry "BRA"]
[SourceTitle "EXT 2016"]
[Source "ChessBase"]
[SourceDate "2015.10.08"]
[SourceVersion "1"]
[SourceVersionDate "2015.10.08"]
[SourceQuality "1"]

1. d4 Nf6 2. c4 e5 3. dxe5 Ng4 4. Bf4 g5 5. Bg3 Bg7 6. Nf3 Nc6 7. Nc3 Ngxe5 8. Nxe5 Nxe5 9. e3 d6 10. Rc1 Be6 11. b3 0-0 12. h4 g4 13. h5 h6 14. Bh4 Qd7 15. Nd5 f5 16. Nf4 Rae8 17. Bd3 Bf6 18. Bxf6 Rxf6 19. Bb1 Nf7 20. Qd4 Kg7 21. f3 Ne5 22. Kf2 Qc6 23. Nd5 Bxd5 24. cxd5 Qd7 25. Qxa7 f4 26. e4 g3+ 27. Ke1 c5 28. Qa5 b5 29. Qd2 1/2-1/2

[Event "Cuiaba Contaud op"]
[Site "Cuiaba"]
[Date "2015.07.31"]
[Round "1"]
[White "Bandeira, Tarciano Elias"]
[Black "Castro, Leonardo Nascimento"]
[Result "1-0"]
[WhiteElo "2104"]
[BlackElo "1646"]
[PlyCount "63"]
[EventDate "2015.07.31"]
[EventType "swiss"]
[EventRounds "6"]
[EventCountry "BRA"]
[SourceTitle "EXT 2016"]
[Source "ChessBase"]
[SourceDate "2015.10.08"]
[SourceVersion "1"]
[SourceVersionDate "2015.10.08"]
[SourceQuality "1"]

1. e4 c5 2. b4 cxb4 3. a3 e6 4. axb4 Bxb4 5. c3 Be7 6. d4 d6 7. Nf3 Nf6 8. Bd3 0-0 9. 0-0 Nbd7 10. Na3 a6 11. Re1 Qc7 12. Qc2 e5 13. Nh4 g6 14. Bg5 Re8 15. Nf3 Nf8 16. Nc4 N6d7 17. Ne3 Bxg5 18. Nxg5 Nf6 19. Nd5 Qd8 20. h4 Ne6 21. Nf3 Nxd5 22. exd5 Nf4 23. dxe5 Nxd5 24. Be4 Nb6 25. exd6 Qxd6 26. h5 Rb8 27. c4 Nd7 28. Rad1 Qc7 29. hxg6 hxg6 30. Bd5 Rxe1+ 31. Rxe1 Nf6 32. Qxg6+ 1-0

[Event "Matogrossense-ch"]
[Site "Cuiaba"]
[Date "2014.11.01"]
[Round "4"]
[White "Bandeira, Tarciano Elias"]
[Black "Franca, Elizeu Cleber Dos S"]
[Result "1/2-1/2"]
[WhiteElo "2096"]
[BlackElo "2017"]
[PlyCount "27"]
[EventDate "2014.10.31"]
[EventType "swiss"]
[EventRounds "6"]
[EventCountry "BRA"]
[SourceTitle "EXT 2022"]
[Source "ChessBase"]
[SourceDate "2021.10.06"]
[SourceVersion "1"]
[SourceVersionDate "2021.10.06"]
[SourceQuality "1"]

1. e4 e5 2. Nf3 Nc6 3. Bb5 a6 4. Ba4 b5 5. Bb3 Na5 6. Bxf7+ Kxf7 7. Nxe5+ Ke6 8. Qg4+ Ke7 9. Qg5+ Ke8 10. Qh5+ Ke7 11. Qh4+ Ke8 12. Qh5+ Ke7 13. Qh4+ Ke8 14. Qh5+ 1/2-1/2

[Event "Matogrossense-ch"]
[Site "Cuiaba"]
[Date "2014.11.01"]
[Round "3"]
[White "Stivanelli, Leonardo Alexandre"]
[Black "Bandeira, Tarciano Elias"]
[Result "0-1"]
[WhiteElo "1952"]
[BlackElo "2096"]
[PlyCount "92"]
[EventDate "2014.10.31"]
[EventType "swiss"]
[EventRounds "6"]
[EventCountry "BRA"]
[SourceTitle "EXT 2022"]
[Source "ChessBase"]
[SourceDate "2021.10.06"]
[SourceVersion "1"]
[SourceVersionDate "2021.10.06"]
[SourceQuality "1"]

1. d4 Nf6 2. Nf3 e6 3. e3 d5 4. Bd3 c5 5. b3 Nc6 6. 0-0 Bd6 7. Bb2 cxd4 8. exd4 0-0 9. Nbd2 Qc7 10. a3 h6 11. Re1 Ng4 12. h3 Nf6 13. Ne5 Bd7 14. Ndf3 Be8 15. Qd2 Nh5 16. g4 f6 17. Nxc6 Nf4 18. Nb4 Nxh3+ 19. Kh1 a5 20. Na2 e5 21. Bf1 Nf4 22. Nc3 e4 23. Nh4 Bd7 24. Nb5 Qb6 25. Nxd6 Qxd6 26. Bc1 g5 27. Ng2 Nxg2 28. Kxg2 Bxg4 29. Be2 f5 30. Rh1 Qe6 31. c4 f4 32. f3 exf3+ 33. Bxf3 Bxf3+ 34. Kxf3 Qe4+ 35. Kf2 Qxh1 36. Qd3 Qh2+ 37. Kf1 Qh1+ 38. Kf2 Qe4 39. Qxe4 dxe4 40. d5 e3+ 41. Kf3 Rae8 42. Bb2 h5 43. Rh1 g4+ 44. Kg2 f3+ 45. Kf1 e2+ 46. Kf2 g3+ 0-1

[Event "Campo Grande op 2nd"]
[Site "Campo Grande"]
[Date "2014.09.06"]
[Round "3"]
[White "Caceres, Joao Victor Nunes D"]
[Black "Bandeira, Tarciano Elias"]
[Result "0-1"]
[WhiteElo "1777"]
[BlackElo "2104"]
[PlyCount "108"]
[EventDate "2014.09.05"]
[EventType "swiss"]
[EventRounds "5"]
[EventCountry "BRA"]
[SourceTitle "CBM 162 Extra"]
[Source "ChessBase"]
[SourceDate "2014.10.17"]
[SourceVersion "1"]
[SourceVersionDate "2014.10.17"]
[SourceQuality "1"]

1. d4 Nf6 2. Nf3 e6 3. c4 b6 4. g3 Bb7 5. Bg2 Be7 6. 0-0 0-0 7. Nc3 d5 8. cxd5 Nxd5 9. a3 Nd7 10. Nxd5 Bxd5 11. b4 Rc8 12. Bb2 Bf6 13. b5 c5 14. bxc6 Rxc6 15. Rc1 Qc7 16. Rxc6 Qxc6 17. Qc1 Rc8 18. Qd2 Qa4 19. Ne1 Bxg2 20. Kxg2 Rc4 21. e3 Qc6+ 22. Kg1 h5 23. Qe2 h4 24. Qf3 Qxf3 25. Nxf3 Rc2 26. Rb1 hxg3 27. hxg3 Be7 28. Ne1 Rc4 29. Rc1 Rxc1 30. Bxc1 Nf6 31. Nd3 Bd6 32. Bb2 Ne4 33. Nb4 Bxb4 34. axb4 a5 35. bxa5 bxa5 36. Kf1 Kf8 37. Ke2 g6 38. g4 Ke7 39. f3 Nd6 40. Kd3 Kd7 41. e4 Kc6 42. Ba3 Nb5 43. Bc5 e5 44. Be7 exd4 45. f4 a4 46. f5 Kd7 47. Bb4 a3 48. Bxa3 Nxa3 49. fxg6 fxg6 50. Kxd4 Ke6 51. e5 Nb5+ 52. Ke4 g5 53. Ke3 Kxe5 54. Kf3 Kd4 0-1

[Event "Campo Grande op"]
[Site "Campo Grande"]
[Date "2013.10.11"]
[Round "1"]
[White "Landre, Geraldo Barbosa"]
[Black "Bandeira, Tarciano Elias"]
[Result "1/2-1/2"]
[WhiteElo "1845"]
[BlackElo "2112"]
[PlyCount "87"]
[EventDate "2013.10.11"]
[EventType "swiss"]
[EventRounds "5"]
[EventCountry "BRA"]
[SourceTitle "EXT 2014"]
[Source "ChessBase"]
[SourceDate "2013.11.20"]
[SourceVersion "1"]
[SourceVersionDate "2013.11.20"]
[SourceQuality "1"]

1. d4 Nf6 2. c4 e5 3. dxe5 Ng4 4. Bf4 g5 5. Bg3 Bg7 6. Nf3 Nc6 7. Qd5 Qe7 8. Nc3 Ngxe5 9. e3 d6 10. Be2 Be6 11. Qb5 0-0 12. 0-0 a6 13. Qa4 f5 14. Nd5 Bxd5 15. cxd5 Nxf3+ 16. Bxf3 Ne5 17. Be2 Ng6 18. Bh5 f4 19. exf4 gxf4 20. Bxg6 fxg3 21. Be4 gxf2+ 22. Kh1 Rae8 23. Bf3 Qe3 24. Qg4 Qe1 25. Rd1 Qe3 26. Qg3 Re7 27. Qxf2 Rfe8 28. b3 Qxf2 29. Rxf2 a5 30. Bg4 Re1+ 31. Rf1 Rxd1 32. Rxd1 Bf6 33. g3 Re4 34. Be6+ Kg7 35. Rd2 Be5 36. Rc2 c5 37. dxc6 bxc6 38. Rxc6 Bxg3 39. Bc4 Be5 40. Ra6 d5 41. Bxd5 Re1+ 42. Kg2 Re2+ 43. Kf3 Rxa2 44. h3 1/2-1/2

[Event "Maringa op 3rd"]
[Site "Maringa"]
[Date "2013.07.26"]
[Round "5"]
[White "Bandeira, Tarciano Elias"]
[Black "Moura de Lima, Wilian Rither De"]
[Result "0-1"]
[WhiteElo "2150"]
[BlackElo "1948"]
[PlyCount "76"]
[EventDate "2013.07.24"]
[EventType "swiss"]
[EventRounds "8"]
[EventCountry "BRA"]
[SourceTitle "CBM 155 Extra"]
[Source "ChessBase"]
[SourceDate "2013.08.26"]
[SourceVersion "1"]
[SourceVersionDate "2013.08.26"]
[SourceQuality "1"]

1. e4 c6 2. c4 d5 3. exd5 cxd5 4. cxd5 Nf6 5. d4 Nxd5 6. Nc3 Nc6 7. Nf3 Bg4 8. Bc4 e6 9. Bxd5 exd5 10. 0-0 Be7 11. Qd3 0-0 12. Ne5 Be6 13. Be3 Rc8 14. f4 f6 15. Nxc6 Rxc6 16. f5 Bf7 17. Rf4 Qb6 18. Qe2 Re8 19. Rg4 Bf8 20. Qf2 Rxe3 21. Qxe3 Qxb2 22. Rc1 Ba3 23. Ne2 Rxc1+ 24. Nxc1 Qxc1+ 25. Qxc1 Bxc1 26. Rg3 Be8 27. Rc3 Bb2 28. Rd3 Bb5 29. Rd1 Kf7 30. Kf2 a5 31. Ke3 a4 32. Kd2 a3 33. Re1 Bc4 34. Re6 Bxd4 35. Rd6 Ke7 36. Re6+ Kd7 37. g4 Bxa2 38. Kd3 Be5 0-1

[Event "Maringa op 3rd"]
[Site "Maringa"]
[Date "2013.07.25"]
[Round "2"]
[White "Medeiros, Thauane Ferreira"]
[Black "Bandeira, Tarciano Elias"]
[Result "1-0"]
[WhiteElo "1836"]
[BlackElo "2150"]
[PlyCount "82"]
[EventDate "2013.07.24"]
[EventType "swiss"]
[EventRounds "8"]
[EventCountry "BRA"]
[SourceTitle "CBM 155 Extra"]
[Source "ChessBase"]
[SourceDate "2013.08.26"]
[SourceVersion "1"]
[SourceVersionDate "2013.08.26"]
[SourceQuality "1"]

1. d4 Nf6 2. Bg5 d5 3. Bxf6 gxf6 4. c4 c6 5. Nc3 e5 6. cxd5 cxd5 7. e3 Be6 8. g3 Nc6 9. Nge2 Qd7 10. Bg2 0-0-0 11. 0-0 h5 12. h4 Bh6 13. a3 Ne7 14. Kh2 Rhg8 15. Na4 b6 16. Qb3 Qb7 17. Rfc1+ Kb8 18. Rc3 Rc8 19. Rac1 Qa6 20. Bf1 Qb7 21. Qb4 Nf5 22. Bg2 e4 23. Rxc8+ Bxc8 24. Rc3 Bf8 25. Qb3 Bd6 26. Kh1 Bd7 27. Rc1 Nh6 28. Nac3 Be6 29. Nb5 Qd7 30. Nxd6 Qxd6 31. Nf4 Ng4 32. Kg1 Kb7 33. Bf1 Rc8 34. Rxc8 Kxc8 35. Ba6+ Kd8 36. Be2 Qc6 37. Qc3 Qxc3 38. bxc3 f5 39. Nxh5 Nh6 40. Nf4 Kc7 41. Kf1 Kd6 1-0